Metodología de las Matemáticas y procedimientos de cálculo mental y de cálculo escrito rápido / (Record no. 132409)

MARC details
000 -LEADER
campo de control de longitud fija 00529nam a2200157 4500
001 - NÚMERO DE CONTROL
campo de control 132409
003 - IDENTIFICADOR DE NÚMERO DE CONTROL
campo de control ES-MaACL
005 - FECHA Y HORA DE LA ÚLTIMA TRANSACCIÓN
campo de control 20230906194154.0
007 - CAMPO FIJO DE DESCRIPCIÓN FÍSICA--INFORMACIÓN GENERAL
campo de control de longitud fija t|
008 - DATOS DE LONGITUD FIJA--INFORMACIÓN GENERAL
campo de control de longitud fija 070214s1933 sp r ||||1| spa d
100 1# - ENTRADA PRINCIPAL--NOMBRE DE PERSONA
Nombre de persona Romero Carrasco, Francisco.
9 (RLIN) 99363
245 10 - MENCIÓN DEL TÍTULO
Título Metodología de las Matemáticas y procedimientos de cálculo mental y de cálculo escrito rápido /
Mención de responsabilidad, etc. por Francisco Romero Carrasco.
260 ## - PUBLICACIÓN, DISTRIBUCIÓN, ETC.
Lugar de publicación, distribución, etc. Badajoz :
Nombre del editor, distribuidor, etc. [s. n.],
Fecha de publicación, distribución, etc. 1933 (
Fabricante Tip. Arqueros)
300 ## - DESCRIPCIÓN FÍSICA
Extensión 240 p. ;
Dimensiones 22 x 14 cm.
852 ## - LOCALIZACIÓN
Ubicación ES-MaACL
Número de control de estantería A-1817
Holdings
Estatus retirado Estado de pérdida Estado de daño No para préstamo Biblioteca de origen Biblioteca actual Ubicación en estantería Fecha de adquisición Fuente de adquisición Total de préstamos Signatura topográfica completa Código de barras Visto por última vez Precio de reemplazo Tipo de ítem Koha
        Biblioteca del Ateneo de Madrid Biblioteca del Ateneo de Madrid Sala Pecera Planta 1 17/01/2008     A-1817 1137854 23/02/2023 23/02/2023 Libro impreso